| 000 | 00563ntaaa2200205 4500 | ||
|---|---|---|---|
| 003 | 01 | ||
| 005 | 20251027202539.0 | ||
| 008 | 0714s1973 ag 01 | ||
| 040 |
_aAR-BaBN _bspa _cAR-BaBN _eaacr _dRIC |
||
| 082 | _a301.1540 Yo8p | ||
| 100 |
_aYoung, Kimball _924497 |
||
| 245 | _aPsicología social de la opinión, pública y de los medios de comunicación | ||
| 250 | _a1 ed. | ||
| 260 |
_aBuenos Aires : _bPaidós, _c1969 |
||
| 300 | _a249 p | ||
| 650 |
_aopinion _924498 |
||
| 650 |
_amedios de comunicacion _94808 |
||
| 650 |
_asociologia _9341 |
||
| 942 | _cBK | ||
| 999 |
_c20515 _d20515 |
||